Computer Science with C ++ (Record no. 32)

MARC details
000 -LEADER
fixed length control field 00504cam a2200205ua 4500
008 - FIXED-LENGTH DATA ELEMENTS--GENERAL INFORMATION
fixed length control field 171012n ii |||gr||||Z||||||eng
040 ## - CATALOGING SOURCE
Transcribing agency MAIN
041 ## - LANGUAGE CODE
-- eng
082 ## - DEWEY DECIMAL CLASSIFICATION NUMBER
Classification number 004
100 ## - MAIN ENTRY--PERSONAL NAME
Personal name Arora, Sumita.,
245 ## - TITLE STATEMENT
Title Computer Science with C ++
Statement of responsibility, etc. By Sumita Arora.
250 ## - EDITION STATEMENT
Edition statement 5th.
260 ## - PUBLICATION, DISTRIBUTION, ETC.
Place of publication, distribution, etc. Delhi.:
Name of publisher, distributor, etc. Dhanpat Rai & Co.,
Date of publication, distribution, etc. 2007.
300 ## - PHYSICAL DESCRIPTION
Extent xix, xx, 808 p.:
Other physical details ill.;
Dimensions 22 cm.
700 1# - ADDED ENTRY--PERSONAL NAME
Personal name Arora, Sumita.,
942 ## - ADDED ENTRY ELEMENTS (KOHA)
Koha item type Books
653 ## - INDEX TERM--UNCONTROLLED
Uncontrolled term Computer Science.
653 ## - INDEX TERM--UNCONTROLLED
Uncontrolled term Computer C ++
Holdings
Withdrawn status Lost status Damaged status Not for loan Home library Current library Shelving location Date acquired Total Checkouts Full call number Barcode Date last seen Date last checked out Copy number Price effective from Koha item type
        Naharkatiya College Library Naharkatiya College Library General Stacks 19/09/2020 1 004 | ARO 18535 24/12/2024 11/06/2024 1 19/09/2020 Books

Naharkatiya College © 2020. All rights reserved.

Powered By